Villes du Berry - Statistiques

Statistiques générales
  • Ce quiz a été pris 118 fois
  • Le résultat moyen est 7 sur 17
Statistiques - réponses
Ville Population % Correct
Bourges 63 702
96%
Châteauroux 42 968
93%
Vierzon 25 348
76%
Issoudun 10 992
65%
La Châtre 4 034
51%
Le Blanc 6 204
45%
Mehun-sur-Yèvre 6 448
35%
Saint-Doulchard 9 645
34%
Argenton-sur-Creuse 4 848
30%
Saint-Florent-sur-Cher 6 419
28%
Déols 7 625
27%
Aubigny-sur-Nère 5 476
24%
Trouy 4 005
19%
Saint-Germain-du-Puy 4 924
18%
Le Poinçonnet 5 840
15%
Buzançais 4 504
12%
Selles-sur-Cher 4 342
8%
Aucun quiz correspondant
Distribution des résultats
% des personnes avec chaque résultat
Percentile par nombre de réponses
Votre historique - résultats
Vous n’avez pas pris ce quiz